Encyclopaedia of Islamic Spirituality. (Record no. 348403)
[ view plain ]
| 000 -LEADER | |
|---|---|
| fixed length control field | 00382 a2200145 4500 |
| 020 ## - INTERNATIONAL STANDARD BOOK NUMBER | |
| International Standard Book Number | 9695190146 |
| 082 ## - DEWEY DECIMAL CLASSIFICATION NUMBER | |
| Classification number | 297.420 |
| 090 ## - LOCALLY ASSIGNED LC-TYPE CALL NUMBER (OCLC); LOCAL CALL NUMBER (RLIN) | |
| -- | 6014 |
| -- | 6014 |
| 100 ## - MAIN ENTRY--PERSONAL NAME | |
| Personal name | Nasr,Seyyed Hossein. |
| 245 ## - TITLE STATEMENT | |
| Title | Encyclopaedia of Islamic Spirituality. |
| Statement of responsibility, etc. | Seyyed Hossein Nasr. |
| 260 ## - PUBLICATION, DISTRIBUTION, ETC. | |
| Place of publication, distribution, etc. | Lahore |
| Name of publisher, distributor, etc. | Suhail Academy. |
| Date of publication, distribution, etc. | 2005. |
| 300 ## - PHYSICAL DESCRIPTION | |
| Extent | 548p. |
| 500 ## - GENERAL NOTE | |
| General note | Hardcover. |
| 942 ## - ADDED ENTRY ELEMENTS (KOHA) | |
| Institution code [OBSOLETE] | NBS |
| Koha item type | Book |
| Call number prefix | 297.420 SEY |
| Withdrawn status | Lost status | Source of classification or shelving scheme | Damaged status | Not for loan | Permanent Location | Current Location | Date acquired | Full call number | Barcode | Date last seen | Price effective from | Koha item type | Shelving location |
|---|---|---|---|---|---|---|---|---|---|---|---|---|---|
| Central Library (CL) | Central Library (CL) | 08/28/2013 | 297.403 NAS | NBSD-1341 | 09/20/2022 | 08/28/2013 | Reference | ||||||
| Central Library (CL) | Central Library (CL) | 11/12/2019 | 297.403 NAS | CL2893 | 11/12/2019 | 11/12/2019 | Book | First Floor - Islam |
